|
|
|
|
| LEADER |
00000cam a2200000 7i4500 |
| 001 |
0000065521 |
| 005 |
20030806.0 |
| 020 |
|
|
|a 0471324159
|
| 090 |
0 |
0 |
|a 332.1753068
|b SMI
|
| 100 |
1 |
|
|a Smithson, Charles
|
| 245 |
0 |
0 |
|a Credit portfolio management
|c Charles Smithson
|
| 260 |
|
|
|a New Jersey :
|b John Wiley & Sons, Inc ,
|c 2003
|
| 300 |
|
|
|a 340p. ;
|c 24cm.
|
| 650 |
0 |
0 |
|a Bank loans
|x Management
|
| 650 |
0 |
0 |
|a Bank loans
|z United States
|x Management
|
| 650 |
0 |
0 |
|a Consumer credit
|x Management
|
| 650 |
0 |
0 |
|a Portfolio management
|
| 999 |
|
|
|a 00157867
|b BUKU
|c PINJAMAN
|e PERPUSTAKAAN KOMUNITI PETALING JAYA
|